| 000 | 00911nam a2200229 a 4500 | ||
|---|---|---|---|
| 001 | BRCA_9020 | ||
| 005 | 20190320210509.0 | ||
| 008 | 240717s1661----it-#######---#000-0#lat-# | ||
| 041 | _alat | ||
| 044 | _ait | ||
| 084 |
_aLM58 _b.G35 1661 |
||
| 100 | 1 |
_aGaito, Johannes Dominicus _922367 |
|
| 245 | 1 | 0 |
_aTractatus absolutissimus de credito _bex libris, epistolis, cambiis, apocis...:in quatuor principaliora capita distinctus _cIoanne Dominico Gaito à Florinensibus Neapolitano I.C. praeclarissimo authore... |
| 260 |
_aVenetiis _bApvd Ivntas _c1661 |
||
| 300 |
_a511 p. _c32.5 x 22.5 cm |
||
| 500 | _aCvm licentia svperiorvm, et privilegio | ||
| 500 | _aEstado físico: presenta encuadernación en pergamino y portada a dos tintas | ||
| 650 | 1 | 4 |
_aCrédito _yObras anteriores a 1800 _922368 |
| 650 | 1 | 4 |
_aDerecho mercantil (Derecho romano) _yObras anteriores a 1800 _922369 |
| 902 | _aCFM | ||
| 942 |
_2lcc _cB |
||
| 999 |
_c8671 _d8671 |
||